Kadra reprezentacji Brazylii - MŚ 2014 - Statystyki

Ogólne statystyki
  • Ten quiz został rozwiązany 56 razy
  • Średni wynik to 11 z 24
Statystyki odpowiedzi
Nr Zawodnik Po % Poprawnych
10 Neymar NA
96%
4 David Luiz OB
88%
3 Thiago Silva OB
88%
12 Júlio César BR
82%
11 Oscar PO
78%
6 Marcelo OB
75%
2 Dani Alves OB
69%
9 Fred NA
67%
7 Hulk NA
63%
23 Maicon OB
49%
19 Willian PO
45%
16 Ramires PO
41%
5 Fernandinho PO
39%
13 Dante OB
35%
# Luiz Felipe Scolari Trener
33%
17 Luiz Gustavo PO
33%
14 Maxwell OB
24%
20 Bernard PO
22%
21 NA
22%
8 Paulinho PO
22%
18 Hernanes PO
12%
15 Henrique OB
8%
1 Jefferson BR
8%
22 Victor BR
6%
Nie znaleziono quizów pasujących do podanych kryteriów
Rozkład punktacji
Procent ludzi z każdym wynikiem
Percentyl według liczby udzielonych odpowiedzi
Twoja historia wyników
Nie rozwiązałeś tego quizu